|
|
|
|
| LEADER |
00836cam a2200241 7i4500 |
| 001 |
0000025343 |
| 005 |
20110106090000.0 |
| 020 |
0 |
0 |
|a 978-92-64-08624-1
|
| 090 |
0 |
0 |
|a I 333.79
|b WOR
|
| 245 |
0 |
0 |
|a World energy outlook 2010.
|
| 260 |
0 |
0 |
|a Paris Cedex:
|b OECD / International Energy Agency (IEA),
|c 2010.
|
| 300 |
# |
# |
|a 731 p.
|
| 650 |
0 |
0 |
|a Energy poverty
|
| 650 |
0 |
0 |
|a Caspian energy
|
| 650 |
0 |
0 |
|a Oil and gas
|
| 650 |
0 |
0 |
|a Energy industries --
|x Economic forecasting
|
| 650 |
0 |
0 |
|a Power resources --
|x Economic forecasting
|
| 650 |
0 |
0 |
|a Unconventional oil --
|x Economic forecasting
|
| 650 |
0 |
0 |
|a Natural gas --
|x Economic forecasting
|
| 650 |
0 |
0 |
|a Coal --
|x Economic forecasting
|
| 650 |
0 |
0 |
|a Electricity --
|x Economic forecasting
|
| 650 |
0 |
0 |
|a Renewables energy
|
| 999 |
|
|
|a B000028109
|b Book
|c International
|e Business Information Centre
|